Statistiques concernant Les fake news sur les animaux#1

Cliquez ici pour prendre le quiz!

Statistiques générales

  • Ce quiz a été pris 56 fois
  • Le résultat moyen est 5 sur 10

Statistiques - réponses

QuestionRéponse% Correct
Qu'est-ce qui énervent les taureaux ?le mouvement
84%
Que stockent les dromadaires dans leurs bosses ?de la graisse
73%
Quel est l'animal le plus rapidele faucon pèlerin
66%
Comment les poux passent de tête en tête ?par le contact
66%
Par quoi les serpents sont hypnotisés ?les mouvements du fakir
63%
Quel est l'aliment préféré des lapins ?l'herbe
63%
Combien de temps dure la mémoire d'un poisson rouge ?3 mois
50%
Qu'elles sont les couleurs qu'un chien peut voir ?bleu et jaune
43%
Quel est le plus gros aliment qu'une baleine peut avaler ?un pamplemousse
25%
Pourquoi les autruches mettent leur tête dans le sol ?pour surveiller leurs oeufs
16%

Distribution des résultats

Percentile par nombre de réponses

% des personnes avec chaque résultat

Votre développement - résultats

Vous n’avez pas pris ce quiz